Представление документа в формате RUSMARC

ПолеНазваниеЗначение
  Тип записи a
  Библиографический уровень c
001 Контрольный номер RU/SLIB/B/208728882
005 Дата корректировки 20201206204018.1
010 Индекс ISBN __
d Цена 1-70
101 Язык документа __
a Язык текста rus
c Язык оригинала rus
200 Заглавие и сведения об ответственности 1_
a Заглавие Советско-Болгарские отношения, 1977-1982
e Сведения, относящиеся к заглавию док. и материалы
b Общее обозначение материала Текст
210 Выходные данные __
a Место издания М.
c Издательство Политиздат
d Дата издания 1985
215 Физическое описание __
a Объем 526 с.
606 Тематические рубрики __
a Основная рубрика История
z Хронологическая подрубрика 1977-1982 гг.; 20 в.
y Географическая подрубрика Россия; Болгария; СССР
606 Тематические рубрики __
a Основная рубрика История России и СССР (октябрь 1917 - 1991 г.)
610 Ключевые слова __
a Ключевые слова переговоры; послы; историческая литература; исторические даты; исторические документы; международные отношения; международное сотрудничество; советско-болгарские отношения
686 Индексы других классификаций __
a Классификационный индекс 63.3(2)633-6
801 Источник записи _0
a Страна RU
b Организация Муниципальное бюджетное учреждение культуры "Централизованная библиотечная система" г. Сургут (Центральная городская библиотека им. А. С. Пушкина)
g Правила каталогизации КиК/Елгина
801 Источник записи _1
a Страна RU
b Организация Муниципальное бюджетное учреждение культуры "Централизованная библиотечная система" г. Сургут (Центральная городская библиотека им. А. С. Пушкина)
g Правила каталогизации КиК/Елгина
852 Данные о местонахождении __
j Шифр хранения 63.3(2)633-6
c Каталожный индекс 63.3(2)633-6
i Авторский знак С 56
p Инвентарный номер 25184
901 Тип документа __
t Тип документа x
969 Тип издания __
a Тип издания сборник
990 Данные о заказе (DOS) __
j Количество экземпляров (DOS) 1